Clinical microbiology / (Record no. 4490)

000 -LEADER
fixed length control field 00828nam a2200277 a 4500
001 - CONTROL NUMBER
control field 010828730
003 - CONTROL NUMBER IDENTIFIER
control field ALUPE UNIVERSITY
005 - DATE AND TIME OF LATEST TRANSACTION
control field 20220323123145.0
008 - FIXED-LENGTH DATA ELEMENTS--GENERAL INFORMATION
fixed length control field 930913s1993 enk 001 0 eng d
020 ## - INTERNATIONAL STANDARD BOOK NUMBER
International Standard Book Number 0340554231
040 ## - CATALOGING SOURCE
Transcribing agency ALUPE UNIVERSITY
050 ## - LIBRARY OF CONGRESS CALL NUMBER
Classification number QR46
Item number .S76 1993
092 ## - LOCALLY ASSIGNED DEWEY CALL NUMBER (OCLC)
Classification number D0501183007
100 1# - MAIN ENTRY--PERSONAL NAME
Personal name Stokes, E. Joan
Fuller form of name (Elizabeth Joan)
245 10 - TITLE STATEMENT
Title Clinical microbiology /
Statement of responsibility, etc. E. Joan Stokes, G.L. Ridgway, M.W.D. Wren ; foreword by Sir Ashley Miles
250 ## - EDITION STATEMENT
Edition statement 7th ed
260 ## - PUBLICATION, DISTRIBUTION, ETC.
Place of publication, distribution, etc. London :
Name of publisher, distributor, etc. Edward Arnold,
Date of publication, distribution, etc. c1993.
300 ## - PHYSICAL DESCRIPTION
Extent xi, 398 p. :
Other physical details ill. ;
Dimensions 24 cm.
500 ## - GENERAL NOTE
General note Previous ed.: 1987
504 ## - BIBLIOGRAPHY, ETC. NOTE
Bibliography, etc. note Includes bibliographies and index
650 #0 - SUBJECT ADDED ENTRY--TOPICAL TERM
Topical term or geographic name entry element Medical microbiology
700 1# - ADDED ENTRY--PERSONAL NAME
Personal name Ridgway, G. L.
700 1# - ADDED ENTRY--PERSONAL NAME
Personal name Wren, M. W. D.
942 ## - ADDED ENTRY ELEMENTS (KOHA)
Source of classification or shelving scheme
Koha item type Book
Suppress in OPAC CM
Holdings
Withdrawn status Lost status Source of classification or shelving scheme Damaged status Not for loan Permanent Location Current Location Shelving location Date acquired Source of acquisition Total Checkouts Full call number Barcode Date last seen Price effective from Koha item type Public note
          AU LIBRARY AU LIBRARY Open Shelf 23.03.2022 DONATION FROM MOI UNIVERSITY   QR46 .S76 1993 28006452 23.03.2022 23.03.2022 Book CM

Powered by Koha